000
00434nam a2200169Ia 4500
008
090711s9999 xx 000 0 und d
082
_b
70191
100
_a
शहा प्रकाश
245
_a
वायरमन
260
_c
1990
300
_a
240
600
_a
शहा प्रकाश
630
_a
वायरमन
700
_a
शहा प्रकाश
730
_a
वायरमन
942
_c
BOOK
999
_c
290103
_d
290103